| 000 | 00802nam a22001337a 4500 | ||
|---|---|---|---|
| 040 | _cRUA | ||
| 082 | _aAVM TOE 2010 B093 Or.1 | ||
| 100 | _aTOEK, CHAMROEUN. | ||
| 245 | _aStudy on growth rate of CP-AVIAN broiler by using CP HI-GRO feed and dried cricket in concentrate at roysal univercity of agriculture, សិក្សាលើការលូតលាស់របស់មាន់សាច់ពូជCP-AVIAN ដោយប្រើចំណីCP HI-GRO និងចំណីផ្សំដែលមានចង្រិតនៅសាកលវិទ្យាល័យភូមិន្ទកសិកម្ម | ||
| 260 |
_aPhnom Penh _bRUA _c2010 |
||
| 300 |
_ax; 37p. _bill. _c29cm. |
||
| 856 | _uhttps://drive.google.com/file/d/108VJd0kLU2KRYzff-ZTX16OqfjJuCS4F/view?usp=sharing | ||
| 942 | _cAVM | ||
| 999 |
_c2356 _d2356 |
||